000 00258nam a2200121Ia 4500
008 190216s9999||||xx |||||||||||||| ||und||
100 _aNull
245 0 _aHindi-Path Pravah
260 _bSahithya Accadamy
300 _a124
650 _aHindi
942 _cBK
999 _c15821
_d15821